000 00529nam a22001937a 4500
005 20251108173318.0
008 250721s2004 xx 000 0 ara d
020 _a9953449279
082 1 4 _a818.02/عبو
100 1 _aعبود، خازن
245 1 0 _aالأمثال شعراً و نثراً /
264 1 _aبيروت :
_bدار الحرف العربي،
_c2004.
300 _a326 ص
650 1 7 _aالأمثال
650 1 7 _aالشعر العربي
650 1 7 _aالنثر
942 _2ddc
_cBK
999 _c100986
_d100986